<?xml version="1.0" encoding="UTF-8"?>
<record
    xmlns:xsi="http://www.w3.org/2001/XMLSchema-instance"
    xsi:schemaLocation="http://www.loc.gov/MARC21/slim http://www.loc.gov/standards/marcxml/schema/MARC21slim.xsd"
    xmlns="http://www.loc.gov/MARC21/slim">

  <leader>02037nam a22002657a 4500</leader>
  <datafield tag="999" ind1=" " ind2=" ">
    <subfield code="c">21895</subfield>
    <subfield code="d">21895</subfield>
  </datafield>
  <controlfield tag="003">AR-CdUCM</controlfield>
  <controlfield tag="008">190425b           ||||| |||| 00| 0 spa d</controlfield>
  <datafield tag="040" ind1=" " ind2=" ">
    <subfield code="a">MUNICIPALIDAD PROVINCIAL DEL CUSCO</subfield>
    <subfield code="c">BIBLIOTECA MUNICIPAL DEL CUSCO</subfield>
  </datafield>
  <datafield tag="082" ind1=" " ind2=" ">
    <subfield code="a">Rev.FD/N&#xB0;7/1990</subfield>
  </datafield>
  <datafield tag="110" ind1=" " ind2=" ">
    <subfield code="a">Universidad Nacional De San Antonio Abad del Cuzco</subfield>
    <subfield code="9">14483</subfield>
  </datafield>
  <datafield tag="245" ind1=" " ind2=" ">
    <subfield code="a">Revista de la Facultad de Derecho de la Universidad Nacional de San Antonio Abad del Cuzco /</subfield>
    <subfield code="c">Universidad Nacional de San Antonio Abad del Cuzco</subfield>
  </datafield>
  <datafield tag="260" ind1=" " ind2=" ">
    <subfield code="a">Cusco :</subfield>
    <subfield code="b">La Amistad,</subfield>
    <subfield code="c">1990.</subfield>
  </datafield>
  <datafield tag="300" ind1=" " ind2=" ">
    <subfield code="a">132 p&#xE1;ginas. :</subfield>
    <subfield code="c">24 cm.</subfield>
  </datafield>
  <datafield tag="440" ind1=" " ind2=" ">
    <subfield code="a">Revista de la Facultad de Derecho de la Universidad Nacional de San Antonio Abad del Cuzco.</subfield>
    <subfield code="n">N&#xB0;7, 1990.</subfield>
    <subfield code="9">46717</subfield>
  </datafield>
  <datafield tag="505" ind1=" " ind2=" ">
    <subfield code="a">Contenido: Apuntes sobre la historia de la facultad de Derecho de la UNSAAC. -- Apuntes hist&#xF3;ricos sobre el local central de la UNSAAC. -- Derecho agrario y derecho ambiental. -- Inconstitucionalidad de la nueva Ley org&#xE1;nica del poder judicial. -- Teor&#xED;a de la prueba. -- Principios b&#xE1;sicos del derecho familiar peruano. -- Los bienes en el c&#xF3;digo civil peruano. -- El recurso de casaci&#xF3;n en la nueva ley org&#xE1;nica del poder judicial. -- Drogas debate sobre su legalizaci&#xF3;n. -- La Procreaci&#xF3;n humana asistida y su legislaci&#xF3;n. -- El domicilio como derecho primario inviolable su consagraci&#xF3;n constitucional. --  Sus excepciones por raz&#xF3;n de orden publico. -- La deuda externa sus repercusiones sobre el Per&#xFA; y las alternativas de soluci&#xF3;n. -- La simplificaci&#xF3;n y presunciones. -- La indexaci&#xF3;n de la deuda tributaria. -- Sentencia condenatoria pronunciada contra Jos&#xE9; Gabriel Condorcanqui Tupac Amaru. --  Cr&#xF3;nicas de la facultad.</subfield>
  </datafield>
  <datafield tag="650" ind1=" " ind2=" ">
    <subfield code="a">Derecho del Per&#xFA;</subfield>
    <subfield code="9">46685</subfield>
  </datafield>
  <datafield tag="650" ind1=" " ind2=" ">
    <subfield code="a">Facultad de Derecho del Cuzco</subfield>
    <subfield code="9">46697</subfield>
  </datafield>
  <datafield tag="650" ind1=" " ind2=" ">
    <subfield code="a">Proyecto de reformas metodol&#xF3;gicas</subfield>
    <subfield code="9">46707</subfield>
  </datafield>
  <datafield tag="700" ind1=" " ind2=" ">
    <subfield code="a">B&#xE9;jar Quispe, Jos&#xE9;</subfield>
    <subfield code="9">6070</subfield>
  </datafield>
  <datafield tag="700" ind1=" " ind2=" ">
    <subfield code="a">Angles Vargas, V&#xED;ctor</subfield>
    <subfield code="9">46718</subfield>
  </datafield>
  <datafield tag="700" ind1=" " ind2=" ">
    <subfield code="a">Valc&#xE1;rcel Gamarra, Pedro</subfield>
    <subfield code="9">46716</subfield>
  </datafield>
  <datafield tag="700" ind1=" " ind2=" ">
    <subfield code="a">Peralta Andia, Rolando</subfield>
    <subfield code="9">46719</subfield>
  </datafield>
  <datafield tag="942" ind1=" " ind2=" ">
    <subfield code="2">ddc</subfield>
    <subfield code="c">PP</subfield>
  </datafield>
  <datafield tag="945" ind1=" " ind2=" ">
    <subfield code="a">rac</subfield>
  </datafield>
  <datafield tag="952" ind1=" " ind2=" ">
    <subfield code="0">0</subfield>
    <subfield code="2">ddc</subfield>
    <subfield code="4">0</subfield>
    <subfield code="7">0</subfield>
    <subfield code="a">HEM</subfield>
    <subfield code="b">HEM</subfield>
    <subfield code="c">CART</subfield>
    <subfield code="d">2021-09-21</subfield>
    <subfield code="g">10.00</subfield>
    <subfield code="o">Rev.FD/N&#xB0;7/1990</subfield>
    <subfield code="p">REVC000414</subfield>
    <subfield code="r">2021-09-21</subfield>
    <subfield code="y">PP</subfield>
  </datafield>
</record>
